MARC details
| 000 -LEADER |
| fixed length control field |
01833cab a22003615a 4500 |
| 001 - CONTROL NUMBER |
| control field |
L146408 |
| 008 - FIXED-LENGTH DATA ELEMENTS--GENERAL INFORMATION |
| fixed length control field |
090116s2008 xxk f 000 0 eng d |
| 035 ## - SYSTEM CONTROL NUMBER |
| System control number |
(Sirsi) u146408 |
| 041 0# - LANGUAGE CODE |
| Language code of text/sound track or separate title |
eng |
| 100 1# - MAIN ENTRY--PERSONAL NAME |
| Personal name |
Altaras, David |
| 245 00 - TITLE STATEMENT |
| Title |
Time limits for appealing against or challenging an arbitral award in England and Wales |
| 260 ## - PUBLICATION, DISTRIBUTION, ETC. |
| Date of publication, distribution, etc. |
2008 |
| 490 #0 - SERIES STATEMENT |
| Series statement |
Arbitration |
| Volume/sequential designation |
74(4) November 2008, 360-368(9) |
| 520 ## - SUMMARY, ETC. |
| Summary, etc. |
Commenting on a number of law cases, considers the themes of the finality of proceedings and the degree of flexibility in the application of the time limit. Highlights the importance of adhering to strict time limits in the prosecution of arbitration claims and appeals. Concludes that if a party wishes to appeal or challenge an award, it must act as quickly as possible so that the arbitration system can work effectively. Late comers can expect little sympathy from the courts and will need to present compelling reasons for the delay. |
| 590 ## - LOCAL NOTE (RLIN) |
| Local note |
KA |
| 650 24 - SUBJECT ADDED ENTRY--TOPICAL TERM |
| Topical term or geographic name entry element |
STUBBING V UNITED KINGDOM |
| 650 24 - SUBJECT ADDED ENTRY--TOPICAL TERM |
| Topical term or geographic name entry element |
PEREZ DE RADA CAVANILLES V SPAIN |
| 650 24 - SUBJECT ADDED ENTRY--TOPICAL TERM |
| Topical term or geographic name entry element |
LIMITATION ACT 1980 |
| 650 24 - SUBJECT ADDED ENTRY--TOPICAL TERM |
| Topical term or geographic name entry element |
ARBITRATION ACT 1996 |
| 650 24 - SUBJECT ADDED ENTRY--TOPICAL TERM |
| Topical term or geographic name entry element |
AOOT KALMNEFT V GLENCORE INTERNATIONAL AG |
| 650 24 - SUBJECT ADDED ENTRY--TOPICAL TERM |
| Topical term or geographic name entry element |
SUREFIRE SYSTEMS LTD V GUARDIAN ECL LTD |
| 650 24 - SUBJECT ADDED ENTRY--TOPICAL TERM |
| Topical term or geographic name entry element |
TORCH OFFSHORE LLC V CABLE SHIPPING INC |
| 650 24 - SUBJECT ADDED ENTRY--TOPICAL TERM |
| Topical term or geographic name entry element |
MCCLEAN HOMES SOUTH EAST LTD V BLACKDALE LTD |
| 650 24 - SUBJECT ADDED ENTRY--TOPICAL TERM |
| Topical term or geographic name entry element |
KALMNEFT V GLENCORE INTERNATIONAL AG |
| 650 24 - SUBJECT ADDED ENTRY--TOPICAL TERM |
| Topical term or geographic name entry element |
DULWICH ESTATE V BAPTISTE |
| 650 24 - SUBJECT ADDED ENTRY--TOPICAL TERM |
| Topical term or geographic name entry element |
SINCLAIR V WOODS OF WINCHESTER LTD |
| 650 24 - SUBJECT ADDED ENTRY--TOPICAL TERM |
| Topical term or geographic name entry element |
AL-HADHA TRADING CO V TRADIGRAIN SA |
| 650 24 - SUBJECT ADDED ENTRY--TOPICAL TERM |
| Topical term or geographic name entry element |
NAGUSINA NAVIERA V ALLIED MARITIME INC |
| 650 24 - SUBJECT ADDED ENTRY--TOPICAL TERM |
| Topical term or geographic name entry element |
L BROWN AND SONS LTD V CROSBY HOMES (NORTH WEST) LTD |
| 651 #4 - SUBJECT ADDED ENTRY--GEOGRAPHIC NAME |
| Geographic name |
England and Wales |
| Chronological subdivision |
1543- |
| 690 ## - LOCAL SUBJECT ADDED ENTRY--TOPICAL TERM (OCLC, RLIN) |
| Topical term or geographic name as entry element |
MANAGEMENT AND RESOLUTION-ALTERNATIVE DISPUTE RESOLUTION-ADJUDICATION |
| 942 ## - ADDED ENTRY ELEMENTS (KOHA) |
| Suppress in OPAC |
0 |